El científico en México : (Record no. 8125)

MARC details
000 -CABECERA
campo de control de longitud fija 00830nam a2200217 a 4500
005 - FECHA Y HORA DE LA ÚLTIMA TRANSACCIÓN
campo de control 20240911064515.0
008 - ELEMENTOS DE LONGITUD FIJA--INFORMACIÓN GENERAL
campo de control de longitud fija 991125s1982 mx 000 0 spa u
020 ## - NÚMERO INTERNACIONAL NORMALIZADO PARA LIBROS
Número Internacional Estándar del Libro 9685804729
035 ## - NÚMERO DE CONTROL DEL SISTEMA
Número de control de sistema UPN01000008125
049 ## - COLECCIÓN
Colección CG
050 #4 - SIGNATURA TOPOGRÁFICA DE LA BIBLIOTECA DEL CONGRESO
Número de clasificación Q158.5 M6
Número de documento/Ítem R6.3
100 1# - ASIENTO PRINCIPAL--NOMBRE PERSONAL
Nombre de persona Rodríguez Sala de Gómezgil, María Luisa
9 (RLIN) 29613
245 13 - MENCIÓN DE TÍTULO
Título El científico en México :
Resto del título su formación en el extranjero, su incorporación y adecuación al sistema ocupacional mexicano /
Mención de responsabilidad, etc. Ma. Luisa Rodríguez Sala-Gómezgil, Adrián Chavero González.
260 ## - PUBLICACIÓN, DISTRIBUCIÓN, ETC.
Lugar de publicación, distribución, etc. México :
Nombre del editor, distribuidor, etc. UNAM, Dirección General de Publicaciones,
Fecha de publicación, distribución, etc. 1982.
300 ## - DESCRIPCIÓN FÍSICA
Extensión 202 p.
440 #0 - MENCIÓN DE SERIE/ASIENTO SECUNDARIO--TÍTULO
Título Serie de estudios sobre la universidad
650 #2 - ASIENTO SECUNDARIO DE MATERIA - TERMINO TEMATICO
Término de materia o nombre geográfico como elemento de entrada Científicos
9 (RLIN) 7179
650 #7 - ASIENTO SECUNDARIO DE MATERIA - TERMINO TEMATICO
Término de materia o nombre geográfico como elemento de entrada Investigación
Subdivisión geográfica México
Fuente del encabezamiento o término
9 (RLIN) 8077
700 1# - ASIENTO SECUNDARIO--NOMBRE DE PERSONAL
Nombre de persona Chavero González, Adrián,
Término indicativo de función/relación coaut.
905 ## - TIPO DE MATERIAL
Tipo de material Libro
Holdings
Estado de retiro Estado de pérdida Fuente del sistema de clasificación o colocación Estado dañado No para préstamo Código de colección Localización permanente Ubicación/localización actual Ubicación en estantería Total de préstamos Clasificación Código de barras Fecha visto por última vez Número de copia Tipo de ítem Koha
    Library of Congress Classification     Colección General Bib. Gregorio Torres Quintero Bib. Gregorio Torres Quintero Planta baja 1 Q158.5 M6 R6.3 63605 31/12/2020 1 Libro